|
|
|
|
| LEADER |
00000nam1a2200000 4500 |
| 001 |
298206 |
| 005 |
20231101003522.0 |
| 035 |
|
|
|a (RuTPU)RU\TPU\book\323349
|
| 090 |
|
|
|a 298206
|
| 100 |
|
|
|a 20150617d1085 km y0rusy50 ca
|
| 101 |
0 |
|
|a rus
|
| 102 |
|
|
|a UA
|
| 200 |
1 |
|
|a Циклические деформации и усталость металлов
|e в 2 т.
|f Академия наук Украинской ССР (АН УССР), Институт проблем прочности (ИПП) ; под ред. В. Т. Трощенко
|
| 210 |
|
|
|a Киев
|c Наукова думка
|d 1985
|
| 702 |
|
1 |
|a Трощенко
|b В. Т.
|4 340
|
| 712 |
0 |
2 |
|a Академия наук Украинской ССР (АН УССР)
|b Институт проблем прочности (ИПП)
|2 stltpush
|3 (RuTPU)RU\TPU\col\12440
|
| 801 |
|
1 |
|a RU
|b 63413507
|c 20150617
|
| 801 |
|
2 |
|a RU
|b 63413507
|c 20171214
|g RCR
|
| 942 |
|
|
|c BK
|